Central Library OPAC University of Rajshahi

Perspectives in environmental management / (Record no. 60093)

MARC details
000 -LEADER
fixed length control field 00831nam a2200265 a 4500
001 - CONTROL NUMBER
control field 60093
003 - CONTROL NUMBER IDENTIFIER
rucl marc code BD-RjUL
005 - DATE AND TIME OF LATEST TRANSACTION
control field 20211209080813.0
008 - FIXED-LENGTH DATA ELEMENTS--GENERAL INFORMATION
fixed length control field 161228s1991 gw 001 0 eng
020 ## - INTERNATIONAL STANDARD BOOK NUMBER
International Standard Book Number 3540538151 (acidfree paper)
International Standard Book Number 0387538151 (acidfree paper : U.S.)
035 ## - SYSTEM CONTROL NUMBER
System control number (BD-RjUL)60217
040 ## - CATALOGING SOURCE
Original cataloging agency DLC
Transcribing agency DLC
Modifying agency DLC
-- BD-RjUL
Language of cataloging eng
041 ## - LANGUAGE CODE
Language code of text/sound track or separate title eng
082 00 - DEWEY DECIMAL CLASSIFICATION NUMBER
Classification number 363.7
Edition number 23
Author mark and year BUP 1991
100 1# - MAIN ENTRY--PERSONAL NAME
Personal name Buckley, Ralf.
9 (RLIN) 178848
245 10 - TITLE STATEMENT
Title Perspectives in environmental management /
Statement of responsibility, etc. Ralf Buckley.
260 ## - PUBLICATION, DISTRIBUTION, ETC. (IMPRINT)
Place of publication, distribution, etc. Berlin ;
-- New York :
Name of publisher, distributor, etc. Springer-Verlag,
Date of publication, distribution, etc. c1991.
300 ## - PHYSICAL DESCRIPTION
Pagination xi, 276 p. ;
Size 21 cm.
500 ## - GENERAL NOTE
General note Includes index.
650 #0 - SUBJECT ADDED ENTRY--TOPICAL TERM
Topical term or geographic name as entry element Environmental protection.
9 (RLIN) 170273
Topical term or geographic name as entry element Environmental management.
9 (RLIN) 178849
Topical term or geographic name as entry element Liability for environmental damages.
9 (RLIN) 178850
942 ## - ADDED ENTRY ELEMENTS (KOHA)
Source of classification or shelving scheme Dewey Decimal Classification
Koha item type Books
Holdings
Lost status Source of classification or shelving scheme Damaged status Not for loan Collection code Permanent Location Current Location Shelving location Date acquired Source of acquisition Cost, normal purchase price Total Checkouts Full call number Date last seen Copy number Koha item type
  Dewey Decimal Classification   Not For Loan Non-fiction Central Library, University of Rajshahi Central Library, University of Rajshahi Reading Room 08/04/1997 Syantex 2649.00   363.7 BUP 1991 28/12/2016 C-1 Books